| 000 | 00731nam a22002057a 4500 | ||
|---|---|---|---|
| 005 | 20130620114717.0 | ||
| 010 | _aENG-107519 | ||
| 020 |
_a9780415812528 _c995.00 |
||
| 035 | _aEN-91052 | ||
| 037 | _bDBAD/PUB | ||
| 100 | _aSaglio-Yatzimirsky, Marie-Caroline | ||
| 245 |
_aDharavi : _cby Marie-Caroline Saglio-Yatzimirsky _bfrom mega-slum to urban paradigm / |
||
| 260 |
_aNew Delhi _bRoutledge _c2013 |
||
| 270 |
_a912, Tolstoy House, 15-17 Tolstoy Marg, Connaught Place _bNew Delhi _e110001 |
||
| 300 |
_axviii,379p. : _c23cm(Hb) _bcol. photos |
||
| 490 | _aCities and the urban imperative ; edited by Sujata Patel | ||
| 500 | _aIncludes bibliographical references and index | ||
| 700 | _aPatel, Sujata | ||
| 942 |
_2ddc _cEN _mSAG |
||
| 999 |
_c76499 _d76499 |
||